| 000 | 00482nam a2200133Ia 4500 | ||
|---|---|---|---|
| 008 | 170516s9999 xx 000 0 und d | ||
| 245 | 2 | _aA Medley of Midbrain Maladies: A Brief Review of Midbrain Anatomy and Syndromology for Radiologists, Kathleen Ruchalski and Gasser M. Hathout | |
| 260 | _bRadiology Research and Practice | ||
| 260 | _c2012 | ||
| 300 | _a: | ||
| 650 | _xRadiologic Technology | ||
| 650 | _xRadtech | ||
| 856 | _uhttps://www.hindawi.com/journals/rrp/contents/4/ | ||
| 999 |
_c332100 _d332100 |
||